पीड़ा गनेसिया की / (Record no. 116472)
[ view plain ]
| 000 -LEADER | |
|---|---|
| fixed length control field | 01058nam a22002537a 4500 |
| 005 - DATE AND TIME OF LATEST TRANSACTION | |
| control field | 20170124103039.0 |
| 010 ## - LIBRARY OF CONGRESS CONTROL NUMBER | |
| LC control number | A-702527 |
| 020 ## - INTERNATIONAL STANDARD BOOK NUMBER | |
| Terms of availability | 40.00 |
| 035 ## - SYSTEM CONTROL NUMBER | |
| System control number | A-702527 |
| 037 ## - SOURCE OF ACQUISITION | |
| Source of stock number/acquisition | Cen Lib/Ret |
| 040 ## - CATALOGING SOURCE | |
| Original cataloging agency | DPL |
| Language of cataloging | HN |
| 082 ## - DEWEY DECIMAL CLASSIFICATION NUMBER | |
| Classification number | क |
| Item number | रिज़वी |
| 100 ## - MAIN ENTRY--PERSONAL NAME | |
| Personal name | रिज़वी, बादशाह हुसैन |
| 9 (RLIN) | 6739 |
| 245 ## - TITLE STATEMENT | |
| Title | पीड़ा गनेसिया की / |
| Statement of responsibility, etc | बादशाह हुसैन रिज़व |
| 246 ## - VARYING FORM OF TITLE | |
| Title proper/short title | Peeda ganesiya ki / |
| Remainder of title | by Badshah Hussain Rizvi |
| 260 ## - PUBLICATION, DISTRIBUTION, ETC. (IMPRINT) | |
| Place of publication, distribution, etc | दिल्ली |
| Name of publisher, distributor, etc | सुनील साहित्य सदन |
| Date of publication, distribution, etc | 1994 |
| 270 ## - ADDRESS | |
| City | दिल्ली |
| Address | ए-101, उत्तरी घोडा |
| Postal code | 110053 |
| 300 ## - PHYSICAL DESCRIPTION | |
| Extent | 102पृ. |
| Dimensions | 18सेमी (सजिल्द) |
| 650 ## - SUBJECT ADDED ENTRY--TOPICAL TERM | |
| Topical term or geographic name as entry element | हिन्दी साहित्य |
| 9 (RLIN) | 66697 |
| 650 ## - SUBJECT ADDED ENTRY--TOPICAL TERM | |
| Topical term or geographic name as entry element | हिन्दी साहित्य -- कहानियां |
| 9 (RLIN) | 66698 |
| 650 ## - SUBJECT ADDED ENTRY--TOPICAL TERM | |
| Topical term or geographic name as entry element | Hindi literature |
| 9 (RLIN) | 66699 |
| 650 ## - SUBJECT ADDED ENTRY--TOPICAL TERM | |
| Topical term or geographic name as entry element | Hindi literature -- Stories |
| 9 (RLIN) | 66700 |
| 942 ## - ADDED ENTRY ELEMENTS (KOHA) | |
| Source of classification or shelving scheme | Dewey Decimal Classification |
| Koha item type | Hindi Books |
| Classification part | क |
| Call number suffix | रिज़वी |
| Withdrawn status | Lost status | Damaged status | Not for loan | Home library | Current library | Date acquired | Source of acquisition | Cost, normal purchase price | Total Checkouts | Full call number | Barcode | Date last seen | Copy number | Cost, replacement price | Price effective from | Koha item type |
|---|---|---|---|---|---|---|---|---|---|---|---|---|---|---|---|---|
| Central Library | Central Library | 24/08/2015 | Cen Lib/Ret | 40.00 | क रिज़वी | A-702527 | 24/08/2015 | 1 | 40.00 | 24/08/2015 | Hindi Books |
